Start M, finish M - Statistics

General Stats
  • This quiz has been taken 52 times
  • The average score is 10 of 15
Answer Stats
Question Answer % Correct
The size, in between small and large Medium
94%
Musical note Minim
94%
The least, acceptable amount Minimum
91%
The opening of some letters, "Dear Sir or....." Madam
89%
A chemical element (Mg), which burns bright white and fizzes when lit Magnesium
89%
An idiomatic phrase, or slogan Maxim
79%
The most treasured person in your life! (and if it isn't, it should be!) Mum
77%
As much, as one can withstand Maximum
74%
Bottle of champagne, equivalent to two standard bottles Magnum
70%
Gather energy, or drive etc, something you 'build' Momentum
70%
A herb Marjoram
38%
A very tiny, living thing Microorganism
34%
A suspension of ongoing activities Moratorium
32%
A small amount Modicum
23%
Middle of the road, the most common? Mainstream
6%
No matching quizzes found
Score Distribution
Percent of People with Each Score
Percentile by Number Answered
Your Score History
You have not taken this quiz